000 00910nam a2200229 a 4500
999 _c12166
_d12166
001 12166
003 BD-JhCC
005 20210322122302.0
008 210322s2015 bg a|||| |||| 000 0 ban d
020 _a9879848980958
035 _a(BD-JhCC)12166
040 _aBD-JhCC
_dBD-JhCC
041 _aban
082 _a005.2762
_bPHP 2015
245 _aপিএইচপি ফ্রেমওয়ার্ক :
_bকোডইগনাইটার, লারাভেল, ওয়াইআইআই, কেকপিএইচপি /
_cবুকবিডি সিরিজ
260 _aঢাকা :
_bসিসটেক পাবলিকেশন্স,
_c২০১৫.
300 _a২৭৮ পৃ. :
_bচিত্রাবলী,
_c২৪ সেমি.
650 _aPHP (Computer program language)
650 _aWeb sites--Design
710 _aবুকবিডি সিরিজ
942 _2ddc
_cBK